| 000 | 00434nam a2200133Ia 4500 | ||
|---|---|---|---|
| 008 | 250506s9999 xx 000 0 und d | ||
| 024 | _a10B-76-BS, 10B-93-BS & 10B-91-BS | ||
| 082 | _a005.072 SAR | ||
| 100 | _aSarah Yaseen, Hammad Jawed & Ammad Aziz | ||
| 245 | 0 | _aToolkit for Crop Disease RIPA Based on Expert System | |
| 260 |
_aKarachi: _bUIT, _c2010 |
||
| 600 | _aComputer Science | ||
| 650 | _aBachelor of Computer Science (BS) | ||
| 999 |
_c28799 _d28799 |
||